| 000 | 01153nam a2200301 c 4500 | ||
|---|---|---|---|
| 003 | BLK | ||
| 005 | 20220615172006.0 | ||
| 008 | 180408b bul|||||r ||||||| ||bul|| | ||
| 010 | _aKNG00083022000 | ||
| 020 |
_a978-954-733-553-0 _bиздат.: Прозорец |
||
| 040 | _aBLK | ||
| 041 |
_aBUL _cBUL |
||
| 080 |
_aАмериканска литература (на САЩ) _b821.111(73) _x-312.6 _z821.111(73)-312.6 |
||
| 100 | 1 |
_aЕриксън, Кароли _eпърви автор _9298775 |
|
| 700 | 1 |
_aШведова, Лидия Михайлова _eпрев. _9364992 |
|
| 139 |
_aЕриксън, Кароли _bЕ 77 |
||
| 245 | 1 | 0 |
_aТайният живот на Жозефина _cКароли Ериксън; прев. Лидия Михайлова Шведова. |
| 257 | _aUSA | ||
| 260 |
_аСофия _bПрозорец _c2008 _fСофия : Инвестпрес |
||
| 300 |
_a384 с. _c21 см |
||
| 380 | _aX | ||
| 500 | _aОриг. загл. The Secret Life of Josephine / Carolly Erickson | ||
| 852 | _aЦб 239495 | ||
| 856 | 4 |
_qpdf _u |
|
| 856 | 4 |
_qpdf _u |
|
| 942 |
_cKNG _n0 _010 |
||
| 944 |
_aCR _c09.04.2008 _kМилена_Ачева |
||
| 944 |
_aED _c03.02.2009 _k |
||
| 999 |
_c78556 _d78556 |
||